| 000 | 00887nam a2200217 a 4500 | ||
|---|---|---|---|
| 003 | 0 | ||
| 005 | 20250321133017.0 | ||
| 008 | 060801s19uu xx 00 eng d | ||
| 050 |
_aPGS BJ 1188.A94 _b.L767 2006 |
||
| 100 | _aLiquigan, Marjhorie Y. | ||
| 245 |
_aAwareness of grade 11 students of Southville International School and Colleges on euthanasia / _cMarjhorie Y. Liquigan. |
||
| 260 |
_aLas PiƱas City, Philippines : _bSouthville International School and Colleges, _c2006. |
||
| 300 |
_a30 pages : _billustrations ; _c28 cm. |
||
| 504 | _aIncludes bibliographical references. | ||
| 650 |
_aEuthanasia _vMoral and ethical aspects. |
||
| 650 |
_aRight to die _vPublic opinion. |
||
| 650 |
_aMedical ethics _vStudents' attitudes. |
||
| 650 |
_aHigh school students _vKnowledge, attitudes, and practices. |
||
| 650 |
_aEnd-of-life decisions _vEducation. |
||
| 942 |
_2lcc _cPASS |
||
| 999 |
_c97515 _d97515 |
||